000 00821nam a2200229 a 4500
001 BRCA_9039
005 20190320210513.0
008 160817s1774----sp-#######---#000-0#spa-#
041 _aspa
044 _asp
084 _aBE88
_b.M37 1774
100 1 _aMartínez, Manuel Silvestre
_921602
245 1 0 _aLibrería de jueces, utilísima, y universal...
_btomo primero...
_csu autor el Lic. D. Manuel Sylvestre Martínez...
260 _aMadrid
_bEn la Imprenta de Blas Román
_c1774
300 _a464 p. (t.1)
_c22.7x 16.3 cm
500 _aCon privilegio
500 _aDedicado al Excmo. Sr. Conde de Aranda
500 _aEstado físico: Presenta encuadernación en pergamino, con presencia del pez de plata y carece de cintas
650 1 4 _aJuisprudencia
_yS. XVIII
_zEspaña
_921937
902 _aCFM
942 _2lcc
_cB
999 _c8689
_d8689